000 nam a22 a 4500
999 _c345346
_d345346
003 BLK
005 20190919102728.0
008 190919b bu ||||| |||| 00| 0 bu d
020 _a9789543781645
040 _aBLK
041 _aBUL
_cBUL
080 _aНационални малцинства. Оптанти
_b323.15
_x:28(497.2)(091)(062)
_z323.15:28(497.2)(091)(062)
100 _91478
_aАлекова, Елена
_eсъстав.
245 _aБългарите мохамедани - лъжи и спекулации. Ч. 2, Статии, бележки, научни доклади, кореспонденция на Дружба "Родина"
_cсъстав., предг. Елена Алекова, Димитър М. Димитров
260 _9209587
_aСофия
_bТангра ТанНакРа
_c2019
_fСофия : Direct Services
300 _a556 с.
_bс табл., ил., факс.
_c24 см
380 _a3
490 _9207530
_aПоредица Дружба Родина
504 _aБиблиогр. след отд. докл. и под линия
650 0 _9272405
_aБългаромохамедани - история
653 0 _9391010
_aсборник
700 _9369762
_aДимитров, Димитър Михайлов
_eсъавт.
942 _cKNG
_n0
_s1